000 01036cam a2200217 4500
001 ABS67223
008 031128n2003 000 0 eng u
035 _a(Sirsi) u124532
100 _aTaylor, J.
245 _aHeritage Review
260 _c2003
490 _aContext
_v(81) September 2003, 18-19(2)
520 _aOverview of recent discussions on the government review of heritage protection in England. The review will encompass the whole subject of heritage and areas covered will include listed building designation and an overhaul of the planning system. Particular note needs to be taken of the way in which buildings can be demolished or altered without due regard. The views of English Heritage have been sought and the consultation process ended on 31 October 2003.
590 _aABS
650 _aHERITAGE PROTECTION
650 _aLISTED BUILDINGS
650 _aMONUMENTS
650 _aCONSERVATION AREAS
690 _aBUILT ENVIRONMENT-BUILDING MAINTENANCE AND REFURBISHMENT-BUILDING CONSERVATION
942 _n0
999 _c73905
_d73905